000 00782cam a2200289 a 4500
999 _c5012
_d5012
001 12423
003 GBCCL
005 20241126110531.0
008 790530s1977 ilu 00010 engm
010 _a 77072434 //r853
020 _a0860650014
_c$4.95
035 _aOCM04083252
040 _aDLC
_cDLC
_dm.c.
_dLBB
049 _aLBBK
_aLBBA
050 0 _aBT993.2
_b.P33 1977
082 0 _a230
_bPAC
092 _a230
_bP119
100 1 _aPacker, J. I.
_q(James Innell)
_92241
245 1 0 _aI want to be a Christian /
_cJ. I. Packer.
260 _aEastbourne :
_bKingsway,
_cc1977.
300 _a240 p. ;
_c21 cm.
630 0 0 _aApostles' Creed.
_95190
630 0 0 _aLord's prayer.
_97948
630 0 0 _aTen commandments.
_93462
650 0 _aBaptism.
_92157
942 _2ddc
_cBK
_05